4 Qul dalam budaya Melayu

Main Author: Syed Shahriman Syed Ali (Author)
Published: Kuala Lumpur, Malaysia: Dewan Bahasa dan Pustaka, 2023
Subjects:
LEADER 00918cam a2200265 7i4500
001 0000155134
005 20240205090000.0
008 240205t20232023my # ### #00001may##
020 # # |a 9789834939991  
040 # # |a UMT   |b eng   |c UMT   |d Pnm   |e rda 
090 0 0 |a BP 131.5   |b .S9 2023 
100 0 # |a Syed Shahriman Syed Ali   |e author  
245 1 0 |a 4 Qul dalam budaya Melayu   |c Syed Shahriman Syed Ali. 
264 # 4 |c ♭2023 
264 # 1 |a Kuala Lumpur, Malaysia:   |b Dewan Bahasa dan Pustaka,   |c  2023 
300 # # |a xx, 164 pages;   |c 22 cm 
336 # # |a text --   |2 rdacontent 
337 # # |a unmediated --   |2 rdamedia 
338 # # |a volume --   |2 rdacarrier 
504 # # |a Includes bibliographical references and index 
590 # # |a Perpustakaan Sultanah Nur Zahirah  
650 # 0 |a Qur'an --   |x Recitation  
650 # 0 |a Qur'an --   |x Study and teaching  
650 # 0 |a Qur'an --   |x Readings  
999 |a 1100115599  |b Book  |c Open Shelf  |e KOLEKSI TERBUKA